书目信息 |
| 题名: |
基于FPGA的EDA/SOPC技术与VHDL
|
|
| 作者: | 杨晓慧 , 杨永健 著 | |
| 分册: | ||
| 出版信息: | 北京 国防工业出版社 2007.07 |
|
| 页数: | 284页 | |
| 开本: | 26cm | |
| 丛书名: | ||
| 单 册: | ||
| 中图分类: | TP332.1 | |
| 科图分类: | ||
| 主题词: | 可编程逻辑器件--ke bian cheng luo ji qi jian--基本知识 | |
| 电子资源: | ||
| ISBN: | 978-7-118-05183-4 | |
| 000 | 00906nam0 2200253 450 | |
| 001 | 012008153594 | |
| 005 | 20080601105337.73 | |
| 010 | @a978-7-118-05183-4@dCNY32.00 | |
| 100 | @a20080601d2007 em y0chiy0120 ea | |
| 101 | 0 | @achi |
| 102 | @aCN@b110000 | |
| 105 | @ay a 000yy | |
| 106 | @ar | |
| 200 | 1 | @a基于FPGA的EDA/SOPC技术与VHDL@Aji yu FPGA de EDA/SOPC ji shu yu VHDL@f杨晓慧, 杨永健著@Fyang xiao hui,yang yong jian zhu |
| 210 | @a北京@c国防工业出版社@d2007.07 | |
| 215 | @a284页@d26cm | |
| 320 | @a有书目 (第283页) | |
| 330 | @a本书共分7章,第1章介绍了EDA技术的发展历程,第2章介绍了可编程逻辑器件结构、编程与配置、及QuartusⅡ功能与应用等。 | |
| 606 | 0 | @a可编程逻辑器件@Ake bian cheng luo ji qi jian@x基本知识 |
| 690 | @aTP332.1@v4 | |
| 701 | 0 | @a杨晓慧@Ayang xiao hui@4著 |
| 701 | 0 | @a杨永健@Ayang yong jian@4著 |
| 801 | 0 | @aCN@bQSSK@c20080601 |
| 905 | @b721022-23@dTP332.1@eY302@f2 | |
| 基于FPGA的EDA/SOPC技术与VHDL/杨晓慧, 杨永健著.-北京:国防工业出版社,2007.07 |
| 284页;26cm |
| ISBN 978-7-118-05183-4:CNY32.00 |
| 本书共分7章,第1章介绍了EDA技术的发展历程,第2章介绍了可编程逻辑器件结构、编程与配置、及QuartusⅡ功能与应用等。 |
| ● |
| 相关链接 |
|
|
|
正题名:基于FPGA的EDA/SOPC技术与VHDL
索取号:TP332.1/Y302
 
预约/预借
| 序号 | 登录号 | 条形码 | 馆藏地/架位号 | 状态 | 备注 |
| 1 | 721022 | 207210221 | 自科库301/301自科库 61排3列2层/ [索取号:TP332.1/Y302] |
已借出,限还日期为2026.09.04 借出人:陈乐乐 |
|
| 2 | 721023 | 207210230 | 自科库301/301自科库 61排3列2层/ [索取号:TP332.1/Y302] | 在馆 |